Statistics for Guess 30 Southampton footballers by image

Click here to take the quiz!

General Stats

  • This quiz has been taken 66 times
  • The average score is 20 of 30

Answer Stats

Answer% Correct
Gareth Bale
93%
Sadio Mané
93%
Virgil van Dijk
91%
Peter Crouch
89%
Fraser Forster
87%
James Ward-Prowse
85%
Adam Lallana
83%
Danny Ings
81%
Takumi Minamino
78%
Theo Walcott
76%
Alan Shearer
74%
Dusan Tadic
74%
Luke Shaw
74%
Pierre-Emile Højbjerg
72%
Che Adams
67%
Graziano Pelle
67%
Nathaniel Clyne
67%
José Fonte
65%
Toby Alderweireld
65%
Alex Oxlade-Chamberlain
63%
Maya Yoshida
61%
Matt Le Tissier
52%
Ryan Bertrand
52%
Ainsley Maitland-Niles
50%
Dejan Lovren
48%
Cedric Soares
43%
Maarten Stekelenburg
43%
Rickie Lambert
39%
Jan Bednarek
35%
Morgan Schneiderlin
33%

Score Distribution

Percentile by Number Answered

Percent of People with Each Score

Your Score History

You have not taken this quiz